Statistics for F1 Drivers Quiz 2020

Click here to take the quiz!

General Stats

  • This quiz has been taken 379 times
  • The average score is 18 of 20

Answer Stats

TeamAnswer% Correct
MercedesLewis Hamilton
99%
Red BullMax Verstappen
98%
MercedesValtteri Bottas
97%
FerrariCharles Leclerc
96%
MclarenLando Norris
95%
FerrariSebastian Vettel
95%
MclarenCarlos Sainz
93%
RenaultDaniel Ricciardo
93%
Red BullAlexander Albon
92%
Racing PointSergio Perez
92%
AlphaTauriPierre Gasly
91%
Racing PointLance Stroll
89%
RenaultEsteban Ocon
88%
Alfa RomeoKimi Räikkönen
88%
WilliamsGeorge Russell
83%
HaasKevin Magnussen
83%
WilliamsNicholas Latifi
82%
HaasRomain Grosjean
79%
AlphaTauriDaniil Kvyat
72%
Alfa RomeoAntonio Giovinazzi
71%

Score Distribution

Percentile by Number Answered

Percent of People with Each Score

Your Score History

You have not taken this quiz